Представление документа в формате RUSMARC

ПолеНазваниеЗначение
  Тип записи a
  Библиографический уровень m
001 Контрольный номер RU/ГПНТБ России/KNIGADB/88.251/В 21-178993065
005 Дата корректировки 20211222111313.0
010 Индекс ISBN __
a ISBN 978-5-222-32231-4
b Уточнения в пер.
9 Тираж 2500 экз.
d Цена 242-84
100 Данные общей обработки __
a Данные общей обработки 20210319d2019####am y0rusy028902 ca
101 Язык документа 0_
a Язык текста rus
102 Страна публикации __
a Страна публикации RU
105 Кодированные данные (монография) __
a Кодированные данные (монография) a j 000yy
181 Поле кодированных данных: вид содержания _0
a Код вида содержания (ISBD) i
182 Поле кодированных данных: тип средства _0
a Код типа средства (ISBD) n
200 Заглавие и сведения об ответственности 1_
a Заглавие Как прокачать мозг на 100%
e Сведения, относящиеся к заглавию 7 способов стать лучше, чем ты был
f Первые сведения об ответственности Александр Ватолин
203 Вид содержания и тип средства __
a Вид содержания Текст
c Тип средства непосредственный
205 Сведения об издании __
a Основные сведения об издании Издание 2-е
210 Выходные данные 1_
a Место издания Pостов-на-Дону
c Издательство Феникс
d Дата издания 2019
215 Физическое описание __
a Объем 205, [1] с.
c Иллюстрации/тип воспроизводства ил., табл.
d Формат 21 см
225 Серия 2_
a Серия Серия "Психология"
320 Библиография __
a Библиография Библиография: с. 199-202
330 Аннотация __
a Аннотация В книге собраны рекомендации по развитию самых важных интеллектуальных сфер личности. Для каждого направления выбран лучший теоретический и практический материал. Вы получите стопроцентный результат, используя советы, предлагаемые в книге. Вот список семи вещей, которым вы сможете научиться: 1) аутотренинг и самогипноз; 2) совершенный голос; 3) скорочтение; 4) снижение стресса; 5) отличная память; 6) управление временем; 7) крепкая сила воли. На каждый вектор дается минимум теории и много практики: мини-тренинги, упражнения, задания, советы и рекомендации. Читатель может пройти любой подходящий ему вектор саморазвития - хоть один, хоть три, хоть все семь. Таким образом, если вы хотите сэкономить время и сделать свою жизнь более комфортной и эффективной, добро пожаловать в любой из разделов книги!
517 Другие варианты заглавия 1_
a Другие варианты заглавия Психология
532 Расширенное заглавие 10
a Расширенное заглавие Семь способов стать лучше, чем ты был
540 Дополнительное заглавие, сделанное каталогизатором 10
a Дополнительное заглавие, сделанное каталогизатором 7 способов стать лучше, чем ты был
606 Тематические рубрики __
a Основная рубрика Психология
606 Тематические рубрики __
a Основная рубрика Психические процессы и состояния
610 Ключевые слова 0_
a Ключевые слова интеллект
610 Ключевые слова 0_
a Ключевые слова мозг
610 Ключевые слова 0_
a Ключевые слова развитие мозга
610 Ключевые слова 0_
a Ключевые слова тренировка мозга
610 Ключевые слова 0_
a Ключевые слова развитие интеллекта
610 Ключевые слова 0_
a Ключевые слова аутотренинги
610 Ключевые слова 0_
a Ключевые слова самогипноз
610 Ключевые слова 0_
a Ключевые слова скорочтение
610 Ключевые слова 0_
a Ключевые слова стрессы
610 Ключевые слова 0_
a Ключевые слова подсознание
610 Ключевые слова 0_
a Ключевые слова борьба со стрессом
610 Ключевые слова 0_
a Ключевые слова тренировка памяти
610 Ключевые слова 0_
a Ключевые слова память
610 Ключевые слова 0_
a Ключевые слова развитие памяти
610 Ключевые слова 0_
a Ключевые слова сила воли
610 Ключевые слова 0_
a Ключевые слова тренировка силы воли
686 Индексы других классификаций __
2 Код системы rubbks
a Классификационный индекс 88.251.31-82
700 Автор _1
a Фамилия Ватолин
b Имя А. Н.
g Полное личное имя Александр Николаевич
4 Код отношения 070
801 Источник записи _0
b Организация ГПНТБ России
a Страна RU
c Дата составления 20210319
g Правила каталогизации PSBO
801 Источник записи _1
b Организация ГПНТБ России
a Страна RU
c Дата составления 20210319
g Правила каталогизации PSBO
852 Данные о местонахождении 5_
i Авторский знак В 21
j Шифр хранения 88.251.31-82
900 Макрообъекты __
a Макрообъекты Как прокачать мозг на 100 %..., А. Ватолин, 2019
901 Тип документа __
a Ответственный КиК/Котельникова
t Тип документа m
903 Характеристики (МАРС) __
a Дата передачи 20210809
c Наименование библиотеки (МАРС) Муниципальное бюджетное учреждение культуры "Централизованная библиотечная система" г. Сургут (Центральная городская библиотека им. А. С. Пушкина)
990 Данные о заказе (DOS) __
j Количество экземпляров (DOS) 2
t N записи в КСУ для И/У (DOS) 202108